000 00529nam a2200145Ia 4500
008 231129s1998||||xx |||||||||||||| ||spa||
020 _a958-9172-43-1
040 _bspa
082 _a305.42 C718mu
100 _aColorado Lopez Marta
245 0 _aMujer y feminidad en el psicoanálisis y el feminismo
260 _c1998
264 _aSecretaria de Educación y Cultura del Departamento de Antioquí­a : Secretarí­a de Educación y Cultura del Depto de Antioquí­a
942 _2ddc
_cBKS
999 _c21467
_d21467